000 01379nam0a22003491 4500
001 RU\NLR\A1SV\35261
005 20251203171251.9
035 _a(NLR Aleph) 009717757
090 _a9861643
_c9861643
100 _a19800930d1925 u y0rusy50 ca
101 0 _arus
102 _aRU
200 1 _aСевообороты для крестьянских хозяйств Московской области
_fС.С.Геркен
210 _aМ.
_aЛ.
_cГос. изд.
_d1925
215 _a56 с.
_cтабл.
_d17 см
300 _aНа обл. авт. не указан
300 _aНапеч. в Москве
451 1 _1001RU\NLR\A1SV\35262
_99861647
_aГеркен, С.С. (1886-не ранее 1933)
_cМ.
_d1926
_e2-е изд.
_fС.С.Геркен, зав. Отд. полеводства Моск. обл. опыт. ст.
_nГос. изд.
_p56 с.
_tСевообороты для крестьянских хозяйств Московской области
620 _dМосква
620 _dСанкт-Петербург
700 1 _aГеркен
_bС.С.
_f1886-не ранее 1933
_gСергей Сергеевич
_4070
801 0 _aRU
_bNLR
_c19800930
852 _aNLR
_j34.86.6.82
899 _aКирОУНБ
899 _aБАН
899 _aРГБ
899 _aРКП
899 _aNLG
942 _cBOOK
980 _aNB
980 _aA1SV